• 首页
  • 本馆介绍
  • 公告通知
  • 最新文献
  • 馆藏检索
  • 电子资源
  • 读者导购
  • 参考咨询
  • 我的图书馆
  • 登录
  • 详细信息显示
  • 放入我的书架
  • 预约/预借图书
  • 作者相关作品
  • 分类相关作品
  • 丛书相关作品
  • 出版社相关作品

书目信息

  • 表格格式
  • 工作单格式
  • 卡片格式
题名:
吴堡方言调查研究
    
 
作者: 邢向东 , 王兆富 著
分册:  
出版信息: 北京   中华书局  2014
页数: 479页
开本: 21cm
丛书名:
单 册:
中图分类: H172.2
科图分类:
主题词: 西北方言--Xi Bei Fang Yan--调查研究--吴堡县 , 西北方言--Xi Bei Fang Yan
电子资源:
ISBN: 978-7-101-09994-2
000 00999nam0 22002651 450
001 349758
005 20161010094010.10
010    @a978-7-101-09994-2@dCNY48.00
100    @a20140902d2014 em y0chiy50 ea
101 0  @achi
102    @aCN@b110000
105    @ab z 000yy
106    @ar
200 1  @a吴堡方言调查研究@AWu Bao Fang Yan Tiao Cha Yan Jiu@f邢向东,王兆富著
210    @a北京@c中华书局@d2014
215    @a479页@c地图@d21cm
300    @a陕西方言重点调查研究/邢向东主编 国家“211工程”建设项目“长安文化与中国文学” 全国优秀博士论文获奖者专项基金资助项目
330    @a本书分为十八章,内容包含音系分析、同音字汇、共时音变、中古音与吴堡话的对应关系、分类词表、构词法、代词、虚拟语气和提顿语气等。
606 0  @a西北方言@AXi Bei Fang Yan@x调查研究@y吴堡县
606 0  @a西北方言@AXi Bei Fang Yan
690    @aH172.2@v5
701  0 @a邢向东@AXing Xiang Dong@f(1960~)@4著
701  0 @a王兆富@AWang Zhao Fu@4著
801  0 @aCN@bTANGWEI@20160802
905    @b0886615-9@dH172.2@e45@f5
    
    吴堡方言调查研究/邢向东,王兆富著.-北京:中华书局,2014
    479页:地图;21cm
    陕西方言重点调查研究/邢向东主编 国家“211工程”建设项目“长安文化与中国文学” 全国优秀博士论文获奖者专项基金资助项目
    
    ISBN 978-7-101-09994-2:CNY48.00
    本书分为十八章,内容包含音系分析、同音字汇、共时音变、中古音与吴堡话的对应关系、分类词表、构词法、代词、虚拟语气和提顿语气等。
●
相关链接 在E读中查询图书 在五车中查询图书 在当当中查询图书 在豆瓣中查询图书


正题名:吴堡方言调查研究     索取号:H172.2/45         预约/预借

序号 登录号 条形码 馆藏地/架位号 状态 备注
1 0886615   208866155   第二样本阅览室/ [索取号:H172.2/45] 在馆    
2 0886616   208866164   密集书库-文学院/ [索取号:H172.2/45] 在馆    
3 0886617   208866173   第四借阅区/ [索取号:H172.2/45] 在馆    
4 0886618   208866182   第四借阅区/ [索取号:H172.2/45] 在馆    
5 0886619   208866191   第四借阅区/ [索取号:H172.2/45] 在馆    
唐山师范学院图书馆 欢迎您!
大连网信软件有限公司© 版权所有